000 00815nam a22002057a 4500
999 _c19434
_d19434
003 AR-CdUCM
008 190517b ||||| |||| 00| 0 spa d
040 _aMUNICIPALIDAD PROVINCIAL DEL CUSCO
_cBIBLIOTECA MUNICIPAL DEL CUSCO
082 _a363.459 /
_bP84
100 _arado Saldarriaga, Víctor Roberto
_940761
245 _aEl tráfico de drogas en el Perú :
_benfoque político y social /
260 _aLima :
_bCultural Cuzco,
_c1989.
300 _a479 páginas ;
_c21 cm.
505 _aContenido: La droga como problema social y político -- La coca en el entorno social peruano: Aspectos generales -- El problema de la droga en el Perú...
650 _aNarcotráfico
_923049
650 _aAbuso de drogas
_915675
650 _aAspectos sociales
_9262
942 _2ddc
_cLIBROS
945 _adavv
_d2019-05-17